000 01942nam2a2200265 4500
001 RU\NLR\bibl\1871003
005 20250616190353.0
021 _aRU
_b2012-6710
_9489
035 _a(NLR Aleph) 001860847
090 _a2529274
_c2529274
100 _a20120217d2011 |||y0rusy50 ca
101 0 _arus
102 _aRU
105 _aa z|||000yy
200 0 _aЧ. 1
210 _d2011
_aБ. м.
215 _a78 с.
_cил.
320 _aБиблиогр.: с. 74-78
461 0 _1001RU\NLR\BIBL_A\010209312
_12000#$aПсихология человека$eучебно-методическое пособие$e[для студентов направления бакалавриата 050700 - Педагогика и старшеклассников, обучающихся по социально-гуманитарному профилю]$eв 3 ч.$fМ-во образования и науки Рос. Федерации, Гос. образоват. учреждение высш проф. образования "Тамб. гос. ун-т им. Г. Р. Державина"$g[авт.-сост.: Стрижова И. В.]$vЧ. 1$90
_910267750
_cТамбов
_d2011
_fМ-во образования и науки Рос. Федерации, Гос. образоват. учреждение высш проф. образования "Тамб. гос. ун-т им. Г.Р. Державина"
_nИзд-во ТГУ
_oучебно-методическое пособие : [для студентов направления бакалавриата 050700 - Педагогика и старшеклассников, обучающихся по социально-гуманитарному профилю] : в 3 ч.
_tПсихология человека
_vЧ. 1$90
801 0 _aRU
_bNLR
_c20120217
_gRCR
801 1 _aRU
_bNLR
_c20120217
942 _cBOOK
980 _aNB